000 00594nam a2200181 i 4500
001 45873
003 ES-MaACL
005 20230906161306.0
007 t|
008 030327s1951 sp ||||1| cat d
100 1 _aColas y Mateo, Fernando.
_939551
245 1 0 _aHores clares /
_cFerran Coláas i Mateo ; práoleg de J. Estadella i Arnó ; gravats de M. Roig i Nadal.
260 _aLleida :
_bA. G. Llerda,
_c1951 (
_fP. Guimet)
300 _a99 p., 4 lam. ;
_c18 cm.
700 1 _aEstadella i Arnó, J.
_947999
700 1 _aRoig i Nadal, M.
_999016
852 _aES-MaACL
_j1939-F-15
_bR.31561
999 _c45873
_d45873